000 00879nam a2200217 a 4500
003 DLC
005 20251128103011.0
008 251128c1969 us|qr|p|r|||| 00| 0 spa d
022 _a1056-4934
035 _aUPN01000060380
040 _aMX-MxUPN
_bspa
_cMX-MxUPN
_eaacr2
245 1 0 _aEuropean education
260 _aEstados Unidos :
_bM. E. Sharpe,
_c1969-
310 _aTrimestral
520 1 _aEs una publicación internacional revisada por pares dedicada a cuestiones de educación en los estados miembros del Consejo de Europa. La revista es coeditada por Cathryn Magno (Universidad de Friburgo) y Eleftherios Klerides (Universidad de Chipre) y afiliada a la Sociedad de Educación Comparada en Europa (CESE).
650 4 _aEducación superior
_932
650 4 _aEducación comparada
_99140
902 _aGloria Jiménez/281125
905 _aRevista
942 _cREV-I
999 _c60170
_d60170